Cumhurbaşkanımız sayın Ahmet Necdet Sezer'in Harp Akademileri Konferansı'nda yaptığı tarihi konuşma (Record no. 6590)

MARC details
000 -BAŞLIK
Sabit Uzunlukta Kontrol Alanı 00772na a2200217 4500
001 - KONTROL NUMARASI
Denetim Alanı 21730
003 - KONTROL NUMARASI IDENTIFIER
Denetim Alanı MIRAKIL
005 - SON İŞLEM TARİHİ VE ZAMANI
Denetim Alanı 20181213155112.0
008 - SABİT-BOY VERİ ELEMANLARI - GENEL BİLGİLER
Sabit Uzunlukta Kontrol Alanı 170207b tu 000 0
040 ## - KATALOGLAMA KAYNAK
Orijinal Kataloglama Ajansı Milas
Kataloglama Dili tur
Metne Dönüştürmek Ajansı TR-AnCHP
041 ## - DİL KODU
Metin / Ses Parça Veya Ayrı Başlığın Dil Kodu tur
082 ## - DEWEY ONLU SINIFLANDIRMA NUMARASI
Sınıflandırma Numarası 353.0312
Ürün Numarası S39c 2006
090 ## - SINIFLAMA NUMARASI
Sınıflama Numarası 353.0312 S39c 2006
100 ## - ANA GİRİŞ - KİŞİSEL İSİM
Kişisel Ad Sezer, Ahmet Necdet
Bir Adıyla İlişkilendirilen Tarihler 1941-
245 ## - BAŞLIK TABLOSU
Başlık Cumhurbaşkanımız sayın Ahmet Necdet Sezer'in Harp Akademileri Konferansı'nda yaptığı tarihi konuşma
Başlığın Kalan 12 Nisan 2006-İstanbul
Sorumluluk Tablosu, Vb Ahmet Necdet Sezer
260 ## - YAYIN, DAĞITIM, VB
Yayın, Dağıtım, Vb Yeri İzmir
Yayıncı, Dağıtıcı, Vs Adı Demokratik Sol Parti İzmir İl Başkanlığı
Yayın, Dağıtım, Vb Tarihi 2006
300 ## - FİZİKSEL TANIM
Kapsam 48 s.
Boyutlar 14 sm.
600 ## - KONU KATMA GİRİŞ - KURUMSAL ADI
Kişisel Ad Sezer, Ahmet Necdet
Bir Adıyla İlişkilendirilen Tarihler 1941-
Genel Alt Bölümü Söylev ve demeçler
650 ## - KONU KATMA GİRİŞ - TOPİKAL DÖNEM
Topikal Süreli Veya Coğrafi Ad Giriş Elemanı Cumhurbaşkanları
Genel Alt Bölümü Açılış konuşmaları
942 ## - EKLENDİ GİRİŞ ELEMANLARI (KOHA)
Sınıflandırma Veya Raf Düzeni Kaynak
Koha Öğesi Türü Books
999 ## - SİSTEM KONTROL NUMARALARI (KOHA)
Koha Biblionumber 6590
Koha Biblioitemnumber 6590
Holdings
Kalıcı Konum Mevcut Konum Edinme Tarihi Edinim Kaynak Toplam Check-Out'Lar Tam Çağrı Numarası Barkod Tarih Son Görülme İtibaren Geçerli Fiyatlar Koha Öğesi Türü
CHP Kütüphanesi CHP Kütüphanesi 02/07/2017 Bağış   353.0312 S39c 2006 012876 02/07/2017 02/07/2017 Books